000 00376nam a2200145Ia 4500
008 100122s9999 xx 000 0 und d
082 _b29743
_a823
100 _aसाबणे मधू
245 _aघरदार
260 _bप्रास प्रकाशन
_c1905
300 _a144
630 _aघरदार
730 _aघरदार
942 _cBOOK
999 _c414865
_d414862